Statistics for Lion King-Simbas trivia

Click here to take the quiz!

General Stats

  • This quiz has been taken 123 times
    (117 since last reset)
  • The average score is 12 of 16

Answer Stats

First Movie QuestionsAnswer% Correct
Who is the kings brother?Scar
100%
Who is the Kings son?Simba
100%
Who is the king at the start of the movie?Mufasa
98%
Who is the female cub?Nala
98%
What is the meerkats name?Timon
92%
Who is the Kings wife?Sarabi
87%
What is the baboons name?Rafiki
85%
Name the 3 hyenas-Ed
82%
What is the warthogs name?Pumbaa
82%
Who is the Kings Major-domo?Zazu
82%
-Banzai
70%
-Shenzi
69%
What two lions fight for the pride lands?Scar and Simba
60%
How does the king die?stampede
59%
^What is her mothers name?^Sarafina
44%
Why does The Kings son run away?Scar told him to
20%

Score Distribution

Percentile by Number Answered

Percent of People with Each Score

Your Score History

You have not taken this quiz since the last reset